000
00317nam a2200133Ia 4500
008
230917s9999||||xx |||||||||||||| ||und||
040
_e
100759
_a
MAIN
041
_a
English
082
_a
327.51 R492R
245
0
_a
Rise of China
260
_a
New York
_b
Foreign Affairs
_c
2002
300
_a
xiv, 134 p.
942
_c
BK
999
_c
109711
_d
109711